Integración de criterios en el concepto de sostenibilidad /
Guardado en:
| 主要作者: | |
|---|---|
| 格式: | Texto |
| 主题: | |
| 标签: |
添加标签
没有标签, 成为第一个标记此记录!
|
MARC
| LEADER | 00000 a a2200000 04500 | ||
|---|---|---|---|
| 001 | 7477 | ||
| 003 | |||
| 040 | |||
| 100 | |a Spangenberg, Joachim H. | ||
| 245 | |a Integración de criterios en el concepto de sostenibilidad / |c Joachim H. Spangenberg | ||
| 650 | |a RECURSOS NATURALES | ||
| 650 | |a DESARROLLO SUSTENTABLE | ||
| 650 | |a POBREZA | ||
| 650 | |a ECONOMIA | ||
| 650 | |a MEDIO AMBIENTE | ||
| 650 | |a DETERIORO AMBIENTAL | ||
| 650 | |a ECOLOGIA | ||
| 650 | |a EFECTOS EN EL MEDIO AMBIENTE | ||
| 650 | |a INDICADORES ECONOMICOS | ||
| 773 | |g número 7; páginas 4-23 | ||
| 999 | |c 32543 |d 32543 | ||
